Jedi Fallen Order Enemies - Statistics

General Stats
  • This quiz has been taken 49 times
  • The average score is 15 of 44
Answer Stats
Imperial % Correct
Stormtrooper
89%
The Second Sister
82%
The Ninth Sister
71%
Scout Trooper
68%
Darth Vader
64%
Oggdo
61%
Flametrooper
54%
Nightbrother Warrior
50%
Undead Nightsister
43%
Bog Rat
39%
Jotaz
39%
Lesser Nydak
39%
Security Droid
39%
Taron Malicos
39%
Electrostaff Purge Trooper
36%
Haxion Brood Bounty Hunter
36%
Probe Droid
36%
Rocket Launcher Trooper
36%
Stormtrooper Commander
36%
AT-ST
32%
Nightbrother Archer
32%
Purge Trooper Commander
32%
Scazz
32%
Scout Trooper Commander
32%
Rabid Jotaz
29%
Wyyyschokk
29%
Albino Wyyyschokk
25%
Bane Back Spider
25%
Electrobaton Purge Trooper
25%
Electrohammer Purge Trooper
25%
Flame Beetle
25%
Haxion Brood Bounty Droid
21%
Phillak
21%
Heavy Assault Trooper
18%
Ogdo Bogdo
18%
Tomb Guardian
18%
Nydak Alpha
14%
Skungus
14%
Splox
11%
Haxion Brood Commando
7%
Jaw Plant
7%
Mykal
7%
Saava
7%
Slyyyg
7%
No matching quizzes found
Score Distribution
Percent of People with Each Score
Percentile by Number Answered
Your Score History
You have not taken this quiz